Ricostruisci la Carriera del Calciatore - Simon Kjær - Statistics

Statistiche generali
  • Questo quiz è stato fatto 3 volte
  • Il punteggio medio è 3 su 10
Statistiche sulle risposte
Hint Risposta % Corretto
2007-2008 Midtjylland
100%
2015-2017 Fenerbahçe
50%
2020- Milan
50%
2010-2011 Wolfsburg
50%
2019-2020 Atalanta
0%
2013-2015 Lilla
0%
2008-2010 Palermo
0%
2011-2012 Roma
0%
2017-2019 Siviglia
0%
2012-2013 Wolfsburg
0%
Nessun quiz corrispondente trovato
Distribuzione punteggi
Percentuale di utenti per punteggio
Percentile per numero di risposta
I tuoi punteggi nel tempo
Non hai fatto questo quiz